DC gov econ Quiz Stats

Quiz not verified by Sporcle

Challenge
Share
Tweet
Embed
Score 0/17 Timer 05:00
0 Plays Today
position whole name % Correct
Supreme court justiceclarence thomas
100%
Chief Justicejohn roberts
93.3%
Supreme court justiceruth bader ginsburg
86.7%
Supreme court justicesonia sotomayor
86.7%
Supreme court justiceelena kagan
86.7%
Supreme court justicesamuel alito
80%
Supreme court justiceantonin scalia
80%
Supreme court justicesandra day o'connor
80%
Supreme court justicethurgood marshal
80%
position whole name % Correct
Secretary of Statehillary clinton
80%
Secretary of Treasurytimothy geithner
80%
Secretary of Defenseleon panetta
80%
Supreme court justiceanthony kennedy
73.3%
Supreme court justicestephen breyer
73.3%
Attorney Generaleric holder
73.3%
Speaker of the Housejohn boehner
40%
President of the Senatejoe biden
40%

You're not logged in!

Compare scores with friends on all Sporcle quizzes.
Join for Free
OR
Log In

You Might Also Like...

Show Comments

Extras

Top Quizzes Today


Score Distribution

Your Account Isn't Verified!

In order to create a playlist on Sporcle, you need to verify the email address you used during registration. Go to your Sporcle Settings to finish the process.

Report this User

Report this user for behavior that violates our Community Guidelines.

Details: